550 let sklárny ve Chřibské

Bibliographic Details
Corporate Author: Skláreň Chřibská, Česká republika (Author)
Format: Book
Language:Czech
PhysicalDescription:28, [4] s. 8°
Published: Liberec KVOS 1964
Subjects:

MARC

LEADER 00000nam a2200000 a 4500
001 vtls001336961
003 SK-MaSNL
005 20260301005926.0
008 210928s1964 xr 0 cze
035 |a SNK000289952 
040 |a SNK  |b slo  |c SNK  |e AACR2 
041 0 |a cze 
044 |a CZ 
080 |a 666.1(437.1 Chřibská)(091)"1414/1964"  |2 1981 
110 0 |a Skláreň Chřibská, Česká republika  |4 aut  |9 290968 
245 1 |a 550 let sklárny ve Chřibské  |c autořský a red. kol.: Jaroslav Klomínek 
260 |a Liberec  |b KVOS  |c 1964 
300 |a 28, [4] s.  |c 8° 
610 0 7 |a Skláreň  |a Chřibská, Česká republika  |x dejiny  |y 1414-1964  |x brožúry jubilejné  |2 SNK  |9 290969 
611 1 7 |a Skláreň  |a Chřibská, Česká republika  |x dejiny  |y 1414-1964  |x brožúry jubilejné  |2 SNK  |9 290970 
958 |a RK 
958 |a OND 
999 |c 546601  |d 548531 
952 |t P60, <04>, [BOOK], {604}  |a SNK  |b SNK  |y VYP  |7 0  |o snkID 91368  |i snkD 1619/91  |0 0  |1 0  |4 0  |d 1998-07-13  |l 0  |r 2005-01-02 00:00:00  |w 2026-02-23